000 00649nam a22002057a 4500
005 20251108170100.0
008 250721s1996 xx 000 0 ara d
082 1 4 _aط/ق/ديز
100 1 _aديزني، والت
245 1 0 _aبطوط في مهمة سرية /
264 1 _aالقاهرة :
_bدار المعارف للطبعة العربية،
_c1996.
300 _a127ص : مص
490 0 _aميكي و بطوط
650 1 7 _aأدب الأطفال
650 1 7 _aالقصص العربية
653 _aالفئة العمرية (10-14)
700 1 _aتادرس، أريت فايز
_eترجمة
942 _2ddc
_cBK
999 _c39309
_d39309